000 00311nam a2200133Ia 4500
008 190216s9999||||xx |||||||||||||| ||und||
100 _aA Vinod
245 0 _aManegerial Economics
250 _aI
260 _bCalicut University Central Co-Operative
_c2005
300 _a299
650 _aCommerce
942 _cBK
999 _c8260
_d8260